| 000 | 00628nam a2200205 a 4500 | ||
|---|---|---|---|
| 005 | 20221115063810.0 | ||
| 008 | 061113s2006 ag r 000 0 spa d | ||
| 020 | _a9508084804 | ||
| 035 | _aUPN01000147920 | ||
| 049 | _aCG | ||
| 050 | 4 |
_aBF432.3 _bA5.3 |
|
| 100 | 1 |
_aAnder-Egg, Ezequiel, _d1930- _928724 |
|
| 245 | 1 | 0 |
_aClaves para introducirse en el estudio de las inteligencias múltiples / _cEzequiel Ander-Egg. |
| 260 |
_aRosario, Arg. : _bHomoSapiens, _c2006. |
||
| 300 |
_a142 p. : _bil. |
||
| 440 | 0 | _aEducación | |
| 650 | 7 |
_aInteligencias múltiples _2 _9171 |
|
| 650 | 4 |
_aAprendizaje activo _91351 |
|
| 905 | _aLibro | ||
| 999 |
_c120062 _d120062 |
||